000 00894nam a22002651u 4500
001 05497
003 HDC
007 cr bn ---
008 210120p xx fo d 00 engg
040 _aHDC
100 _a Riaz, Mian N.
_91457
245 0 _aUpdates of Halal Innovation in USA /
_cby Mian N. Riaz Director
260 _a[No place] :
_b[publisher not identified],
_c[no year]
300 _a34 pages :
_bIllustrations
336 _atext
_2rdacontent
337 _acomputer
_2rdamedia
338 _aonline resource
_2rdacarrier
650 _aHalal industry
_9144
650 _aHalal innovation
_95747
650 _aMuslim American market
_95748
856 _zRequest full-text at [email protected]
942 _2lcc
942 _cSLIDE
942 _kSLID 000419
999 _c2821
_d2821